[Event "DEM U10 2021"]
[Site "Willingen GER"]
[Date "2021.08.25"]
[Round "5"]
[White "Moskalenko, Michael"]
[Black "Schröder, Hannes Artur"]
[Result "1-0"]
[Termination "normal"]
[Board "27"]
[WhiteElo "1220"]
[BlackElo "961"]
[WhiteClock "00:26:07"]
[BlackClock "00:52:59"]
[PlyCount "105"]
[WhiteFideId "34608877"]
[BlackFideId "34608818"]
[EventCountry "GER"]
[EventRounds "11"]
[EventType "swiss"]
[EventDate "2021.08.22"]

1. d4 {[%clk 01:15:59]} {[%emt 00:00:01]} d5 {[%clk 01:15:51]} {[%emt
00:00:09]} 2. c4 {[%clk 01:16:23]} {[%emt 00:00:06]} c6 {[%clk 01:16:11]}
{[%emt 00:00:09]} 3. Nf3 {[%clk 01:16:47]} {[%emt 00:00:06]} Nf6 {[%clk
01:16:33]} {[%emt 00:00:08]} 4. Nc3 {[%clk 01:17:11]} {[%emt 00:00:07]} Bf5
{[%clk 01:16:41]} {[%emt 00:00:21]} 5. Bg5 {[%clk 01:17:18]} {[%emt 00:00:23]}
h6 {[%clk 01:16:47]} {[%emt 00:00:25]} 6. Bh4 {[%clk 01:17:21]} {[%emt
00:00:28]} e6 {[%clk 01:16:54]} {[%emt 00:00:22]} 7. e3 {[%clk 01:17:29]}
{[%emt 00:00:21]} Be7 {[%clk 01:17:07]} {[%emt 00:00:17]} 8. Be2 {[%clk
01:17:00]} {[%emt 00:00:59]} dxc4 {[%clk 01:17:07]} {[%emt 00:00:31]} 9. Bxc4
{[%clk 01:17:14]} {[%emt 00:00:14]} O-O {[%clk 01:17:02]} {[%emt 00:00:36]} 10.
O-O {[%clk 01:17:18]} {[%emt 00:00:27]} b5 {[%clk 01:16:18]} {[%emt 00:01:14]}
11. Bd3 {[%clk 01:17:00]} {[%emt 00:00:47]} Bxd3 {[%clk 01:16:14]} {[%emt
00:00:34]} 12. Qxd3 {[%clk 01:17:21]} {[%emt 00:00:09]} Nbd7 {[%clk 01:15:40]}
{[%emt 00:01:04]} 13. Nd2 {[%clk 01:15:41]} {[%emt 00:02:11]} Nb6 {[%clk
01:15:33]} {[%emt 00:00:35]} 14. f4 {[%clk 01:13:51]} {[%emt 00:02:21]} c5
{[%clk 01:15:40]} {[%emt 00:00:23]} 15. Nxb5 {[%clk 01:11:25]} {[%emt
00:02:55]} cxd4 {[%clk 01:14:18]} {[%emt 00:01:53]} 16. Qxd4 {[%clk 01:11:07]}
{[%emt 00:00:47]} Qxd4 {[%clk 01:14:06]} {[%emt 00:00:42]} 17. Nxd4 {[%clk
01:09:35]} {[%emt 00:02:03]} Rad8 {[%clk 01:13:29]} {[%emt 00:01:04]} 18. N4b3
{[%clk 01:09:32]} {[%emt 00:00:37]} Bb4 {[%clk 01:13:25]} {[%emt 00:00:33]} 19.
Nf3 {[%clk 01:09:14]} {[%emt 00:00:47]} Rd3 {[%clk 01:13:12]} {[%emt 00:00:43]}
20. Bf2 {[%clk 01:07:20]} {[%emt 00:02:25]} Ne4 {[%clk 01:13:06]} {[%emt
00:00:35]} 21. Rfd1 {[%clk 01:07:12]} {[%emt 00:00:39]} Rfd8 {[%clk 01:12:21]}
{[%emt 00:01:15]} 22. Rxd3 {[%clk 01:06:53]} {[%emt 00:00:49]} Rxd3 {[%clk
01:12:25]} {[%emt 00:00:26]} 23. Ne5 {[%clk 01:06:32]} {[%emt 00:00:51]} Rd5
{[%clk 01:11:22]} {[%emt 00:01:29]} 24. Nd4 {[%clk 01:03:19]} {[%emt 00:03:47]}
Bd6 {[%clk 01:06:50]} {[%emt 00:05:01]} 25. Nd3 {[%clk 01:02:12]} {[%emt
00:01:38]} Nc4 {[%clk 01:05:13]} {[%emt 00:02:05]} 26. Rc1 {[%clk 01:00:45]}
{[%emt 00:01:58]} Nxf2 {[%clk 01:03:59]} {[%emt 00:01:44]} 27. Kxf2 {[%clk
01:00:28]} {[%emt 00:00:47]} Nb6 {[%clk 01:03:47]} {[%emt 00:00:42]} 28. h4
{[%clk 00:56:36]} {[%emt 00:04:23]} g6 {[%clk 01:03:42]} {[%emt 00:00:34]} 29.
g4 {[%clk 00:53:59]} {[%emt 00:03:08]} Kg7 {[%clk 01:03:21]} {[%emt 00:00:49]}
30. g5 {[%clk 00:42:41]} {[%emt 00:11:50]} h5 {[%clk 01:02:54]} {[%emt
00:00:57]} 31. Ke2 {[%clk 00:42:05]} {[%emt 00:01:06]} e5 {[%clk 01:02:43]}
{[%emt 00:00:41]} 32. fxe5 {[%clk 00:41:06]} {[%emt 00:01:29]} Bxe5 {[%clk
01:00:53]} {[%emt 00:02:19]} 33. Nxe5 {[%clk 00:40:53]} {[%emt 00:00:43]} Rxe5
{[%clk 01:01:08]} {[%emt 00:00:16]} 34. Nc6 {[%clk 00:41:02]} {[%emt 00:00:21]}
Re4 {[%clk 01:01:10]} {[%emt 00:00:27]} 35. Rh1 {[%clk 00:40:51]} {[%emt
00:00:42]} Rc4 {[%clk 01:01:13]} {[%emt 00:00:25]} 36. Nd4 {[%clk 00:38:46]}
{[%emt 00:02:36]} a5 {[%clk 00:59:50]} {[%emt 00:01:54]} 37. Kd2 {[%clk
00:38:09]} {[%emt 00:01:07]} a4 {[%clk 00:58:00]} {[%emt 00:02:18]} 38. Rc1
{[%clk 00:38:29]} {[%emt 00:00:11]} Kf8 {[%clk 00:57:36]} {[%emt 00:00:54]} 39.
Rc3 {[%clk 00:35:20]} {[%emt 00:03:40]} Ke7 {[%clk 00:55:38]} {[%emt 00:02:26]}
40. Kd3 {[%clk 00:35:13]} {[%emt 00:00:38]} Rxc3+ {[%clk 00:55:51]} {[%emt
00:00:17]} 41. bxc3 {[%clk 00:35:20]} {[%emt 00:00:24]} Kd6 {[%clk 00:54:04]}
{[%emt 00:02:15]} 42. Ke4 {[%clk 00:31:02]} {[%emt 00:04:50]} Nd5 {[%clk
00:53:28]} {[%emt 00:01:05]} 43. c4 {[%clk 00:30:51]} {[%emt 00:00:42]} f5+
{[%clk 00:53:26]} {[%emt 00:00:31]} 44. gxf6 {[%clk 00:31:09]} {[%emt
00:00:13]} Nxf6+ {[%clk 00:53:39]} {[%emt 00:00:16]} 45. Kd3 {[%clk 00:27:03]}
{[%emt 00:04:36]} Kc5 {[%clk 00:52:06]} {[%emt 00:02:02]} 46. a3 {[%clk
00:26:58]} {[%emt 00:00:40]} Nd7 {[%clk 00:51:55]} {[%emt 00:00:37]} 47. Nf3
{[%clk 00:26:45]} {[%emt 00:00:44]} Nb6 {[%clk 00:51:48]} {[%emt 00:00:36]} 48.
Ne5 {[%clk 00:26:55]} {[%emt 00:00:21]} g5 {[%clk 00:52:03]} {[%emt 00:00:15]}
49. hxg5 {[%clk 00:26:32]} {[%emt 00:00:53]} h4 {[%clk 00:52:23]} {[%emt
00:00:09]} 50. g6 {[%clk 00:26:06]} {[%emt 00:00:55]} h3 {[%clk 00:52:40]}
{[%emt 00:00:14]} 51. g7 {[%clk 00:26:07]} {[%emt 00:00:29]} h2 {[%clk
00:52:59]} {[%emt 00:00:11]} 52. g8=Q {[%emt 00:00:11]} h1=Q {[%emt 00:00:15]}
53. Qf8# {[%emt 00:00:38]} 1-0

[Event "DEM U10 2021"]
[Site "Willingen GER"]
[Date "2021.08.26"]
[Round "6"]
[White "Sydykov, Bayastan"]
[Black "Glöckler, Christian"]
[Result "1/2-1/2"]
[Termination "normal"]
[Board "1"]
[WhiteElo "1209"]
[BlackElo "1581"]
[WhiteClock "01:01:01"]
[BlackClock "00:51:54"]
[PlyCount "127"]
[WhiteFideId "13829610"]
[BlackFideId "34608966"]
[EventCountry "GER"]
[EventRounds "11"]
[EventType "swiss"]
[EventDate "2021.08.22"]

1. e4 {[%clk 01:15:38]} {[%emt 00:00:21]} c5 {[%clk 01:15:50]} {[%emt
00:00:12]} 2. Nf3 {[%clk 01:15:58]} {[%emt 00:00:08]} d6 {[%clk 01:16:13]}
{[%emt 00:00:08]} 3. d4 {[%clk 01:16:18]} {[%emt 00:00:09]} cxd4 {[%clk
01:16:39]} {[%emt 00:00:05]} 4. Nxd4 {[%clk 01:16:35]} {[%emt 00:00:13]} Nf6
{[%clk 01:16:57]} {[%emt 00:00:12]} 5. Nc3 {[%clk 01:16:58]} {[%emt 00:00:06]}
a6 {[%clk 01:17:23]} {[%emt 00:00:04]} 6. Be3 {[%clk 01:17:17]} {[%emt
00:00:12]} e5 {[%clk 01:17:45]} {[%emt 00:00:08]} 7. Nf3 {[%clk 01:17:38]}
{[%emt 00:00:08]} Be7 {[%clk 01:18:09]} {[%emt 00:00:07]} 8. Bc4 {[%clk
01:17:54]} {[%emt 00:00:14]} O-O {[%clk 01:18:22]} {[%emt 00:00:17]} 9. O-O
{[%clk 01:16:43]} {[%emt 00:01:40]} Nc6 {[%clk 01:18:35]} {[%emt 00:00:18]} 10.
Re1 {[%clk 01:16:59]} {[%emt 00:00:14]} Be6 {[%clk 01:18:36]} {[%emt 00:00:29]}
11. Nd5 {[%clk 01:17:00]} {[%emt 00:00:28]} b5 {[%clk 01:18:38]} {[%emt
00:00:28]} 12. Bb3 {[%clk 01:17:06]} {[%emt 00:00:24]} Bxd5 {[%clk 01:18:36]}
{[%emt 00:00:32]} 13. Bxd5 {[%clk 01:17:25]} {[%emt 00:00:12]} Rc8 {[%clk
01:18:45]} {[%emt 00:00:20]} 14. c3 {[%clk 01:17:00]} {[%emt 00:00:55]} Nxd5
{[%clk 01:18:39]} {[%emt 00:00:36]} 15. Qxd5 {[%clk 01:16:57]} {[%emt
00:00:33]} Na5 {[%clk 01:18:21]} {[%emt 00:00:49]} 16. Nd2 {[%clk 01:16:58]}
{[%emt 00:00:28]} Bg5 {[%clk 01:17:40]} {[%emt 00:01:12]} 17. Nf3 {[%clk
01:16:35]} {[%emt 00:00:52]} Bxe3 {[%clk 01:17:39]} {[%emt 00:00:31]} 18. Rxe3
{[%clk 01:16:53]} {[%emt 00:00:12]} Rc5 {[%clk 01:17:46]} {[%emt 00:00:23]} 19.
Qd3 {[%clk 01:17:07]} {[%emt 00:00:15]} Nc4 {[%clk 01:17:52]} {[%emt 00:00:25]}
20. Re2 {[%clk 01:17:25]} {[%emt 00:00:12]} Qc7 {[%clk 01:17:24]} {[%emt
00:00:59]} 21. b3 {[%clk 01:17:31]} {[%emt 00:00:23]} Nb6 {[%clk 01:17:03]}
{[%emt 00:00:51]} 22. Rd1 {[%clk 01:16:39]} {[%emt 00:01:22]} Rd8 {[%clk
01:17:11]} {[%emt 00:00:23]} 23. Rc2 {[%clk 01:16:14]} {[%emt 00:00:53]} d5
{[%clk 01:17:00]} {[%emt 00:00:43]} 24. Rdd2 {[%clk 01:16:01]} {[%emt
00:00:43]} Rd7 {[%clk 01:16:18]} {[%emt 00:01:13]} 25. g3 {[%clk 01:14:59]}
{[%emt 00:01:30]} dxe4 {[%clk 01:15:12]} {[%emt 00:01:36]} 26. Qxe4 {[%clk
01:15:15]} {[%emt 00:00:14]} Rxd2 {[%clk 01:14:07]} {[%emt 00:01:35]} 27. Rxd2
{[%clk 01:15:09]} {[%emt 00:00:35]} g6 {[%clk 01:14:00]} {[%emt 00:00:38]} 28.
h4 {[%clk 01:12:52]} {[%emt 00:02:46]} f5 {[%clk 01:12:39]} {[%emt 00:01:53]}
29. Qe3 {[%clk 01:11:40]} {[%emt 00:01:39]} e4 {[%clk 01:12:05]} {[%emt
00:01:07]} 30. Ng5 {[%clk 01:11:16]} {[%emt 00:00:52]} Rxc3 {[%clk 01:07:29]}
{[%emt 00:05:07]} 31. Rd8+ {[%clk 01:10:48]} {[%emt 00:00:58]} Qxd8 {[%clk
01:07:28]} {[%emt 00:00:31]} 32. Qxc3 {[%clk 01:11:08]} {[%emt 00:00:11]} h6
{[%clk 01:06:36]} {[%emt 00:01:20]} 33. Ne6 {[%clk 01:11:14]} {[%emt 00:00:25]}
Qe7 {[%clk 01:06:03]} {[%emt 00:01:03]} 34. Qc6 {[%clk 01:11:07]} {[%emt
00:00:36]} Nd7 {[%clk 01:05:45]} {[%emt 00:00:49]} 35. Nf4 {[%clk 01:11:18]}
{[%emt 00:00:18]} Ne5 {[%clk 01:05:53]} {[%emt 00:00:22]} 36. Qxa6 {[%clk
01:10:20]} {[%emt 00:01:29]} Kh7 {[%clk 01:05:33]} {[%emt 00:00:50]} 37. Qxb5
{[%clk 01:09:22]} {[%emt 00:01:29]} g5 {[%clk 01:05:19]} {[%emt 00:00:44]} 38.
Nd5 {[%clk 01:08:56]} {[%emt 00:00:55]} Qe6 {[%clk 01:05:14]} {[%emt 00:00:36]}
39. h5 {[%clk 01:04:43]} {[%emt 00:04:43]} Qf7 {[%clk 01:03:57]} {[%emt
00:01:47]} 40. a4 {[%clk 01:04:10]} {[%emt 00:01:04]} f4 {[%clk 01:03:31]}
{[%emt 00:00:55]} 41. Nc3 {[%clk 01:03:10]} {[%emt 00:01:28]} fxg3 {[%clk
01:02:38]} {[%emt 00:01:25]} 42. Nxe4 {[%clk 01:02:44]} {[%emt 00:00:56]} Nf3+
{[%clk 01:02:34]} {[%emt 00:00:35]} 43. Kg2 {[%clk 01:01:12]} {[%emt 00:02:00]}
Nh4+ {[%clk 01:02:07]} {[%emt 00:00:58]} 44. Kg1 {[%clk 01:00:36]} {[%emt
00:01:06]} Nf3+ {[%clk 01:00:33]} {[%emt 00:02:06]} 45. Kg2 {[%clk 01:00:36]}
{[%emt 00:00:26]} Ne1+ {[%clk 00:58:34]} {[%emt 00:02:32]} 46. Kf1 {[%clk
01:00:31]} {[%emt 00:00:31]} g2+ {[%clk 00:55:32]} {[%emt 00:03:37]} 47. Kg1
{[%clk 01:00:46]} {[%emt 00:00:13]} Qe6 {[%clk 00:54:00]} {[%emt 00:02:04]} 48.
Qd7+ {[%clk 01:01:01]} {[%emt 00:00:12]} Qxd7 {[%clk 00:54:17]} {[%emt
00:00:16]} 49. Nf6+ {[%clk 01:01:24]} {[%emt 00:00:07]} Kg7 {[%clk 00:54:41]}
{[%emt 00:00:05]} 50. Nxd7 {[%clk 01:01:50]} {[%emt 00:00:03]} Nd3 {[%clk
00:50:32]} {[%emt 00:04:40]} 51. Kxg2 {[%clk 01:01:30]} {[%emt 00:00:50]} Kf7
{[%clk 00:50:48]} {[%emt 00:00:15]} 52. a5 {[%clk 01:00:29]} {[%emt 00:01:30]}
Nb4 {[%clk 00:51:12]} {[%emt 00:00:07]} 53. Nc5 {[%clk 00:59:45]} {[%emt
00:01:13]} Ke7 {[%clk 00:51:22]} {[%emt 00:00:21]} 54. Nd3 {[%clk 00:59:48]}
{[%emt 00:00:25]} Nxd3 {[%clk 00:51:36]} {[%emt 00:00:16]} 55. a6 {[%clk
01:00:10]} {[%emt 00:00:09]} Nf4+ {[%clk 00:52:00]} {[%emt 00:00:06]} 56. Kf3
{[%clk 01:00:31]} {[%emt 00:00:08]} Nd5 {[%clk 00:52:22]} {[%emt 00:00:09]} 57.
b4 {[%clk 01:00:33]} {[%emt 00:00:29]} Nb6 {[%clk 00:52:11]} {[%emt 00:00:42]}
58. Ke4 {[%clk 01:00:44]} {[%emt 00:00:18]} Ke6 {[%clk 00:52:30]} {[%emt
00:00:12]} 59. b5 {[%clk 01:00:43]} {[%emt 00:00:30]} Na8 {[%clk 00:52:01]}
{[%emt 00:00:59]} 60. f3 {[%clk 01:00:24]} {[%emt 00:00:48]} Nb6 {[%clk
00:51:01]} {[%emt 00:01:31]} 61. Kd4 {[%clk 01:00:06]} {[%emt 00:00:48]} Kd6
{[%clk 00:51:14]} {[%emt 00:00:17]} 62. Ke4 {[%clk 01:00:26]} {[%emt 00:00:10]}
Ke6 {[%clk 00:51:29]} {[%emt 00:00:15]} 63. Kd4 {[%clk 01:00:37]} {[%emt
00:00:19]} Kd6 {[%clk 00:51:54]} {[%emt 00:00:06]} 64. Ke4 {[%clk 01:01:01]}
{[%emt 00:00:05]} 1/2-1/2

[Event "DEM U10 2021"]
[Site "Willingen GER"]
[Date "2021.08.26"]
[Round "6"]
[White "Nemitz, Alfred"]
[Black "Payyappat, Sayas"]
[Result "1/2-1/2"]
[Termination "normal"]
[Board "2"]
[WhiteElo "1280"]
[BlackElo "1233"]
[WhiteClock "00:11:06"]
[BlackClock "00:58:54"]
[PlyCount "82"]
[WhiteFideId "34601791"]
[BlackFideId "25659260"]
[EventCountry "GER"]
[EventRounds "11"]
[EventType "swiss"]
[EventDate "2021.08.22"]

1. d4 {[%clk 01:15:57]} {[%emt 00:00:02]} Nf6 {[%clk 01:15:48]} {[%emt
00:00:12]} 2. c4 {[%clk 01:16:13]} {[%emt 00:00:14]} e6 {[%clk 01:16:11]}
{[%emt 00:00:07]} 3. Nc3 {[%clk 01:16:31]} {[%emt 00:00:12]} Bb4 {[%clk
01:16:20]} {[%emt 00:00:21]} 4. Qc2 {[%clk 01:16:21]} {[%emt 00:00:40]} d5
{[%clk 01:15:52]} {[%emt 00:00:57]} 5. cxd5 {[%clk 01:14:32]} {[%emt 00:02:19]}
Bxc3+ {[%clk 01:14:16]} {[%emt 00:02:08]} 6. bxc3 {[%clk 01:14:44]} {[%emt
00:00:17]} exd5 {[%clk 01:13:13]} {[%emt 00:01:32]} 7. Bg5 {[%clk 01:11:28]}
{[%emt 00:03:46]} h6 {[%clk 01:12:53]} {[%emt 00:00:50]} 8. Bh4 {[%clk
01:07:56]} {[%emt 00:04:02]} Bd7 {[%clk 01:10:30]} {[%emt 00:02:53]} 9. e3
{[%clk 01:07:16]} {[%emt 00:01:09]} Bc6 {[%clk 01:09:52]} {[%emt 00:01:06]} 10.
Nf3 {[%clk 01:06:22]} {[%emt 00:01:27]} Nbd7 {[%clk 01:09:48]} {[%emt
00:00:33]} 11. Bd3 {[%clk 01:06:17]} {[%emt 00:00:35]} Qe7 {[%clk 01:08:55]}
{[%emt 00:01:24]} 12. Bf5 {[%clk 01:00:09]} {[%emt 00:06:38]} Nb6 {[%clk
01:07:37]} {[%emt 00:01:47]} 13. a4 {[%clk 00:53:09]} {[%emt 00:07:30]} a5
{[%clk 01:06:52]} {[%emt 00:01:16]} 14. Ne5 {[%clk 00:52:44]} {[%emt 00:00:54]}
Bd7 {[%clk 01:05:51]} {[%emt 00:01:32]} 15. Bxd7+ {[%clk 00:47:22]} {[%emt
00:05:51]} Nbxd7 {[%clk 01:06:06]} {[%emt 00:00:15]} 16. f4 {[%clk 00:38:40]}
{[%emt 00:09:10]} g5 {[%emt 00:01:32]} 17. fxg5 {[%clk 00:38:03]} {[%emt
00:00:46]} hxg5 {[%clk 01:05:43]} {[%emt 00:00:14]} 18. Bxg5 {[%clk 00:34:17]}
{[%emt 00:04:17]} Nxe5 {[%clk 01:04:51]} {[%emt 00:01:21]} 19. dxe5 {[%clk
00:34:36]} {[%emt 00:00:11]} Qxe5 {[%clk 01:05:13]} {[%emt 00:00:08]} 20. Bxf6
{[%clk 00:31:46]} {[%emt 00:03:19]} Qxf6 {[%clk 01:04:09]} {[%emt 00:01:34]}
21. O-O-O {[%clk 00:32:03]} {[%emt 00:00:14]} Qe6 {[%clk 01:03:35]} {[%emt
00:01:02]} 22. Rde1 {[%clk 00:31:59]} {[%emt 00:00:36]} O-O-O {[%clk 01:03:51]}
{[%emt 00:00:13]} 23. Qb3 {[%clk 00:28:07]} {[%emt 00:04:23]} Qe4 {[%clk
01:02:56]} {[%emt 00:01:24]} 24. Qc2 {[%clk 00:28:11]} {[%emt 00:00:26]} c6
{[%clk 01:02:41]} {[%emt 00:00:46]} 25. Qxe4 {[%clk 00:26:18]} {[%emt
00:02:22]} dxe4 {[%clk 01:03:03]} {[%emt 00:00:08]} 26. h4 {[%clk 00:26:08]}
{[%emt 00:00:40]} Rdg8 {[%clk 01:03:13]} {[%emt 00:00:20]} 27. Reg1 {[%clk
00:26:20]} {[%emt 00:00:18]} Rg3 {[%clk 01:03:15]} {[%emt 00:00:28]} 28. Rf1
{[%clk 00:26:22]} {[%emt 00:00:28]} Rxe3 {[%clk 01:03:22]} {[%emt 00:00:23]}
29. Rxf7 {[%clk 00:25:12]} {[%emt 00:01:40]} Rxc3+ {[%clk 01:03:45]} {[%emt
00:00:07]} 30. Kd2 {[%clk 00:24:58]} {[%emt 00:00:43]} Rg3 {[%clk 01:04:06]}
{[%emt 00:00:09]} 31. Rb1 {[%clk 00:24:28]} {[%emt 00:01:01]} Rxg2+ {[%clk
01:01:49]} {[%emt 00:02:47]} 32. Kc3 {[%clk 00:22:00]} {[%emt 00:02:59]} Rd8
{[%clk 01:00:01]} {[%emt 00:02:17]} 33. Kc4 {[%clk 00:18:46]} {[%emt 00:03:44]}
Rd7 {[%clk 00:57:52]} {[%emt 00:02:39]} 34. Rxd7 {[%clk 00:19:09]} {[%emt
00:00:07]} Kxd7 {[%clk 00:58:07]} {[%emt 00:00:14]} 35. Rxb7+ {[%clk 00:19:34]}
{[%emt 00:00:06]} Kd6 {[%clk 00:58:30]} {[%emt 00:00:07]} 36. Kd4 {[%clk
00:16:57]} {[%emt 00:03:07]} Rg4 {[%clk 00:58:40]} {[%emt 00:00:19]} 37. h5
{[%clk 00:16:30]} {[%emt 00:00:58]} Rh4 {[%clk 00:59:04]} {[%emt 00:00:06]} 38.
Rh7 {[%clk 00:16:09]} {[%emt 00:00:50]} c5+ {[%clk 00:59:21]} {[%emt 00:00:13]}
39. Ke3 {[%clk 00:16:27]} {[%emt 00:00:14]} Ke6 {[%clk 00:59:14]} {[%emt
00:00:35]} 40. h6 {[%clk 00:13:07]} {[%emt 00:03:50]} Kd5 {[%clk 00:58:34]}
{[%emt 00:01:10]} 41. Rd7+ {[%clk 00:11:06]} {[%emt 00:02:32]} Kc4 {[%clk
00:58:54]} 1/2-1/2

[Event "DEM U10 2021"]
[Site "Willingen GER"]
[Date "2021.08.26"]
[Round "6"]
[White "Radeke, Timothy"]
[Black "Buchinger, Alexis"]
[Result "0-1"]
[Termination "normal"]
[Board "4"]
[WhiteElo "1169"]
[BlackElo "1578"]
[WhiteClock "00:30:56"]
[BlackClock "00:31:00"]
[PlyCount "108"]
[WhiteFideId "16289412"]
[BlackFideId "16287134"]
[EventCountry "GER"]
[EventRounds "11"]
[EventType "swiss"]
[EventDate "2021.08.22"]

1. e4 {[%clk 01:15:58]} {[%emt 00:07:53]} e5 {[%clk 01:15:39]} {[%emt
00:00:22]} 2. Nf3 {[%clk 01:16:23]} {[%emt 00:00:05]} Nc6 {[%clk 01:16:05]}
{[%emt 00:00:04]} 3. Bc4 {[%clk 01:16:45]} {[%emt 00:00:06]} Bc5 {[%clk
01:16:32]} {[%emt 00:00:04]} 4. c3 {[%clk 01:17:08]} {[%emt 00:00:07]} Nf6
{[%clk 01:16:58]} {[%emt 00:00:05]} 5. d3 {[%clk 01:17:33]} {[%emt 00:00:05]}
d6 {[%clk 01:15:46]} {[%emt 00:01:41]} 6. a4 {[%clk 01:17:54]} {[%emt
00:00:09]} a5 {[%clk 01:15:59]} {[%emt 00:00:18]} 7. Na3 {[%clk 01:18:12]}
{[%emt 00:00:11]} O-O {[%clk 01:15:29]} {[%emt 00:01:01]} 8. Nc2 {[%clk
01:16:42]} {[%emt 00:01:59]} Re8 {[%clk 01:14:22]} {[%emt 00:01:35]} 9. Be3
{[%clk 01:16:31]} {[%emt 00:00:43]} Ba7 {[%clk 01:13:15]} {[%emt 00:01:37]} 10.
O-O {[%clk 01:15:23]} {[%emt 00:01:38]} Be6 {[%clk 01:12:33]} {[%emt 00:01:12]}
11. Bxe6 {[%clk 01:11:32]} {[%emt 00:04:20]} fxe6 {[%clk 01:11:44]} {[%emt
00:01:13]} 12. Bxa7 {[%clk 01:09:27]} {[%emt 00:02:42]} Rxa7 {[%clk 01:11:53]}
{[%emt 00:00:21]} 13. d4 {[%clk 00:59:23]} {[%emt 00:10:33]} Nxe4 {[%clk
01:08:01]} {[%emt 00:04:22]} 14. Re1 {[%clk 00:58:26]} {[%emt 00:01:26]} Ng5
{[%clk 01:06:07]} {[%emt 00:02:24]} 15. dxe5 {[%clk 00:58:04]} {[%emt
00:00:53]} Nxf3+ {[%clk 01:06:27]} {[%emt 00:00:10]} 16. Qxf3 {[%clk 00:58:26]}
{[%emt 00:00:08]} Nxe5 {[%clk 01:06:11]} {[%emt 00:00:46]} 17. Qh3 {[%clk
00:55:13]} {[%emt 00:03:41]} Qf6 {[%clk 01:03:55]} {[%emt 00:02:49]} 18. Nd4
{[%clk 00:54:29]} {[%emt 00:01:13]} Ra6 {[%clk 00:52:03]} {[%emt 00:12:22]} 19.
Nb5 {[%clk 00:54:34]} {[%emt 00:00:25]} Rc6 {[%clk 00:51:54]} {[%emt 00:00:39]}
20. Nd4 {[%clk 00:54:03]} {[%emt 00:01:01]} Rc5 {[%clk 00:49:16]} {[%emt
00:03:08]} 21. f4 {[%clk 00:53:19]} {[%emt 00:01:13]} Ng6 {[%clk 00:41:21]}
{[%emt 00:08:25]} 22. Nxe6 {[%clk 00:50:34]} {[%emt 00:03:16]} Rf5 {[%clk
00:35:59]} {[%emt 00:05:53]} 23. Ng5 {[%clk 00:47:10]} {[%emt 00:03:53]} Rxe1+
{[%clk 00:31:40]} {[%emt 00:04:50]} 24. Rxe1 {[%clk 00:45:08]} {[%emt
00:02:30]} Nf8 {[%clk 00:30:55]} {[%emt 00:01:15]} 25. Re8 {[%clk 00:42:37]}
{[%emt 00:03:01]} Qg6 {[%clk 00:29:58]} {[%emt 00:01:28]} 26. g3 {[%clk
00:36:28]} {[%emt 00:06:37]} Rxg5 {[%clk 00:25:50]} {[%emt 00:04:40]} 27. Rxf8+
{[%clk 00:36:50]} {[%emt 00:00:07]} Kxf8 {[%clk 00:26:13]} {[%emt 00:00:07]}
28. Qc8+ {[%clk 00:36:03]} {[%emt 00:01:18]} Qe8 {[%clk 00:26:34]} {[%emt
00:00:09]} 29. Qxe8+ {[%clk 00:36:08]} {[%emt 00:00:25]} Kxe8 {[%clk 00:27:01]}
{[%emt 00:00:02]} 30. fxg5 {[%clk 00:36:31]} {[%emt 00:00:07]} Kf7 {[%clk
00:27:06]} {[%emt 00:00:25]} 31. Kf2 {[%clk 00:36:44]} {[%emt 00:00:17]} Kg6
{[%clk 00:27:25]} {[%emt 00:00:11]} 32. h4 {[%clk 00:37:05]} {[%emt 00:00:09]}
Kf5 {[%clk 00:27:33]} {[%emt 00:00:22]} 33. Kf3 {[%clk 00:37:27]} {[%emt
00:00:09]} g6 {[%clk 00:27:55]} {[%emt 00:00:08]} 34. g4+ {[%clk 00:37:50]}
{[%emt 00:00:07]} Ke5 {[%clk 00:28:19]} {[%emt 00:00:06]} 35. Ke3 {[%clk
00:38:04]} {[%emt 00:00:15]} Kd5 {[%clk 00:27:41]} {[%emt 00:01:09]} 36. Kd3
{[%clk 00:37:31]} {[%emt 00:01:03]} Kc5 {[%clk 00:27:40]} {[%emt 00:00:32]} 37.
b3 {[%clk 00:36:58]} {[%emt 00:01:02]} b5 {[%clk 00:27:37]} {[%emt 00:00:33]}
38. axb5 {[%clk 00:36:19]} {[%emt 00:01:09]} Kxb5 {[%clk 00:27:54]} {[%emt
00:00:13]} 39. Kd4 {[%clk 00:36:39]} {[%emt 00:00:10]} c6 {[%clk 00:27:58]}
{[%emt 00:00:25]} 40. h5 {[%clk 00:36:31]} {[%emt 00:00:38]} a4 {[%clk
00:27:56]} {[%emt 00:00:32]} 41. bxa4+ {[%clk 00:36:09]} {[%emt 00:00:53]} Kxa4
{[%clk 00:28:17]} {[%emt 00:00:09]} 42. Ke4 {[%clk 00:35:01]} {[%emt 00:01:38]}
Kb3 {[%clk 00:28:17]} {[%emt 00:00:29]} 43. Kd4 {[%clk 00:29:09]} {[%emt
00:06:23]} c5+ {[%clk 00:28:29]} {[%emt 00:00:17]} 44. Kd5 {[%clk 00:29:27]}
{[%emt 00:00:13]} Kxc3 {[%clk 00:28:52]} {[%emt 00:00:07]} 45. Ke6 {[%clk
00:28:20]} {[%emt 00:01:37]} Kd4 {[%clk 00:29:07]} {[%emt 00:00:14]} 46. Kf7
{[%clk 00:28:42]} {[%emt 00:00:09]} c4 {[%clk 00:29:22]} {[%emt 00:00:16]} 47.
Kg7 {[%clk 00:29:08]} {[%emt 00:00:04]} c3 {[%clk 00:29:22]} {[%emt 00:00:30]}
48. Kxh7 {[%clk 00:29:31]} {[%emt 00:00:06]} c2 {[%clk 00:29:29]} {[%emt
00:00:23]} 49. Kxg6 {[%clk 00:29:56]} {[%emt 00:00:05]} c1=Q {[%clk 00:29:51]}
{[%emt 00:00:08]} 50. h6 {[%clk 00:30:16]} {[%emt 00:00:11]} Ke4 {[%clk
00:30:02]} {[%emt 00:00:17]} 51. h7 {[%clk 00:30:38]} {[%emt 00:00:09]} Qc3
{[%clk 00:30:25]} {[%emt 00:00:07]} 52. Kh6 {[%clk 00:30:48]} {[%emt 00:00:19]}
Kf4 {[%clk 00:30:41]} {[%emt 00:00:13]} 53. g6 {[%clk 00:31:13]} {[%emt
00:00:06]} Kxg4 {[%clk 00:31:00]} {[%emt 00:00:11]} 54. g7 {[%clk 00:30:56]}
{[%emt 00:00:47]} Qf6# {[%emt 00:00:04]} 0-1